<?xml version="1.0" encoding="UTF-8"?>
<record
    xmlns:xsi="http://www.w3.org/2001/XMLSchema-instance"
    xsi:schemaLocation="http://www.loc.gov/MARC21/slim http://www.loc.gov/standards/marcxml/schema/MARC21slim.xsd"
    xmlns="http://www.loc.gov/MARC21/slim">

  <leader>00900nam a2200205 a 4500</leader>
  <controlfield tag="001">000023727</controlfield>
  <controlfield tag="005">20200930022424.0</controlfield>
  <controlfield tag="008">110112s1988    ru a    r     000 | spa d</controlfield>
  <datafield tag="020" ind1=" " ind2=" ">
    <subfield code="a">5050023505</subfield>
  </datafield>
  <datafield tag="040" ind1=" " ind2=" ">
    <subfield code="a">DO-SdBNP</subfield>
    <subfield code="b">spa</subfield>
    <subfield code="c">BNPHU</subfield>
  </datafield>
  <datafield tag="041" ind1=" " ind2=" ">
    <subfield code="a">rus</subfield>
    <subfield code="h">spa</subfield>
    <subfield code="2">C&#xF3;digo de idioma MARC</subfield>
  </datafield>
  <datafield tag="082" ind1=" " ind2=" ">
    <subfield code="a">xxx</subfield>
    <subfield code="b">K19</subfield>
  </datafield>
  <datafield tag="240" ind1="1" ind2="0">
    <subfield code="a">Mat&#x447; &#x43D;a &#x437;&#x432;&#x430;&#x43D;&#x438;&#x435; &#x447;&#x435;&#x43C;&#x43F;&#x438;&#x43E;&#x43D;&#x430; &#x43C;&#x438;&#x440;&#x430; &#x43F;o &#x448;&#x430;&#x445;&#x43C;&#x430;&#x442;am : &#x41A;&#x430;&#x441;&#x43F;&#x430;&#x440;&#x43E;&#x432;-&#x41A;&#x430;&#x440;&#x43F;&#x43E;&#x432;. &#x421;&#x435;&#x432;&#x438;&#x43B;&#x44C;&#x44F;-87</subfield>
    <subfield code="l">espa&#xF1;ol</subfield>
  </datafield>
  <datafield tag="245" ind1="1" ind2="0">
    <subfield code="a">Corona mundial de ajedrez Kasparov-Karpov :</subfield>
    <subfield code="b">Sevilla, 87 /</subfield>
    <subfield code="c">comentarios del gran maestro David Bronshtein ; traducci&#xF3;n de O. Karandashov.</subfield>
  </datafield>
  <datafield tag="260" ind1=" " ind2=" ">
    <subfield code="a">Mosc&#xFA; :</subfield>
    <subfield code="b">R&#xE1;duga,</subfield>
    <subfield code="c">1988.</subfield>
  </datafield>
  <datafield tag="300" ind1=" " ind2=" ">
    <subfield code="a">141 p. :</subfield>
    <subfield code="a">ill. ;</subfield>
    <subfield code="c">17 cm.</subfield>
  </datafield>
  <datafield tag="534" ind1=" " ind2=" ">
    <subfield code="a">T&#xED;tulo original :</subfield>
    <subfield code="t">Mat&#x447; &#x43D;a &#x437;&#x432;&#x430;&#x43D;&#x438;&#x435; &#x447;&#x435;&#x43C;&#x43F;&#x438;&#x43E;&#x43D;&#x430; &#x43C;&#x438;&#x440;&#x430; &#x43F;o &#x448;&#x430;&#x445;&#x43C;&#x430;&#x442;am : &#x41A;&#x430;&#x441;&#x43F;&#x430;&#x440;&#x43E;&#x432;-&#x41A;&#x430;&#x440;&#x43F;&#x43E;&#x432;. &#x421;&#x435;&#x432;&#x438;&#x43B;&#x44C;&#x44F;-87</subfield>
  </datafield>
  <datafield tag="700" ind1="1" ind2=" ">
    <subfield code="a">Karandashov, O.</subfield>
    <subfield code="e">tr.</subfield>
    <subfield code="9">48854</subfield>
  </datafield>
  <datafield tag="049" ind1=" " ind2=" ">
    <subfield code="a">BNGR</subfield>
  </datafield>
  <datafield tag="952" ind1=" " ind2=" ">
    <subfield code="0">0</subfield>
    <subfield code="1">0</subfield>
    <subfield code="5">0</subfield>
    <subfield code="7">1</subfield>
    <subfield code="8">MO</subfield>
    <subfield code="a">GR</subfield>
    <subfield code="b">GR</subfield>
    <subfield code="c">CT</subfield>
    <subfield code="d">2011-01-12</subfield>
    <subfield code="i">LF1</subfield>
    <subfield code="l">0</subfield>
    <subfield code="o">xxx K19</subfield>
    <subfield code="p">23727-10</subfield>
    <subfield code="r">2020-06-25</subfield>
    <subfield code="w">2020-06-25</subfield>
    <subfield code="y">1</subfield>
    <subfield code="Z">No se presta</subfield>
  </datafield>
  <datafield tag="999" ind1=" " ind2=" ">
    <subfield code="c">23223</subfield>
    <subfield code="d">23223</subfield>
  </datafield>
</record>
